[Event "TUR-chT 2nd League"]
[Site "Denizli"]
[Date "2023.07.09"]
[Round "1.64"]
[White "Demirbag, Alihan"]
[Black "Ozkan, Hakan"]
[Result "1-0"]
[WhiteElo "2059"]
[BlackElo "1706"]
[PlyCount "93"]
[EventDate "2023.07.09"]
[EventType "team-swiss"]
[EventRounds "9"]
[EventCountry "TUR"]
[SourceTitle "CBM 215 Extra"]
[Source "ChessBase"]
[SourceDate "2023.09.30"]
[SourceVersion "1"]
[SourceVersionDate "2023.09.30"]
[SourceQuality "1"]
[WhiteTeam "Sakarya Satranc"]
[BlackTeam "Pamukkale Yonetimi"]
[WhiteTeamCountry "TUR"]
[BlackTeamCountry "TUR"]

1. e4 d5 2. exd5 Qxd5 3. Nc3 Qd6 4. d4 Nf6 5. Nf3 a6 6. g3 Bg4 7. h3 Bh5 8. Bg2 Nc6 9. 0-0 e6 10. Bf4 Qd8 11. g4 Bg6 12. Ne5 Nd5 13. Nxd5 exd5 14. Re1 Be7 15. Nxg6 hxg6 16. c4 dxc4 17. d5 0-0 18. dxc6 bxc6 19. Bxc6 Rb8 20. Qxd8 Bxd8 21. Be5 Bf6 22. Bxf6 gxf6 23. Re2 Rfd8 24. Rc1 Rd4 25. Rec2 Kg7 26. Bf3 f5 27. Rxc4 Rxc4 28. Rxc4 fxg4 29. hxg4 Rxb2 30. Rxc7 Rd2 31. a4 Rd4 32. a5 Ra4 33. Rc5 Kh6 34. Kg2 Kg7 35. g5 Kf8 36. Bb7 Ke7 37. Bxa6 Kd6 38. Rb5 Kc6 39. Kg3 Ra1 40. f4 Ra3+ 41. Kg4 Ra4 42. Re5 Kd6 43. Be2 Ra2 44. a6 Ra4 45. Re3 Ra5 46. Bc4 Kd7 47. Re2 1-0

[Event "TUR Cup"]
[Site "Antalya"]
[Date "2020.02.01"]
[Round "10"]
[White "Isik, Alparslan"]
[Black "Demirbag, Alihan"]
[Result "0-1"]
[WhiteElo "2328"]
[BlackElo "2104"]
[PlyCount "56"]
[EventDate "2020.01.26"]
[EventType "swiss"]
[EventRounds "11"]
[EventCountry "TUR"]
[SourceTitle "CBM 194 Extra"]
[Source "ChessBase"]
[SourceDate "2020.03.31"]
[SourceVersion "1"]
[SourceVersionDate "2020.03.31"]
[SourceQuality "1"]

1. d4 Nf6 2. c4 e6 3. Nf3 c5 4. d5 b5 5. dxe6 fxe6 6. cxb5 a6 7. bxa6 Bxa6 8. Nc3 Nc6 9. e4 Bxf1 10. Kxf1 d5 11. exd5 exd5 12. Bg5 d4 13. Ne4 Qd5 14. Nxf6+ gxf6 15. Bxf6 Rg8 16. Bh4 c4 17. Bg3 d3 18. h4 0-0-0 19. Qa4 Rxg3 20. fxg3 Bc5 21. Ke1 Qe4+ 22. Kd2 Qe2+ 23. Kc1 d2+ 24. Nxd2 Qxd2+ 25. Kb1 Nb4 26. Qa8+ Kc7 27. Qa5+ Kc6 28. Qa4+ Kb6 0-1

[Event "TUR Cup"]
[Site "Antalya"]
[Date "2020.01.31"]
[Round "9"]
[White "Demirbag, Alihan"]
[Black "Agdelen, Huseyin Can"]
[Result "1/2-1/2"]
[WhiteElo "2104"]
[BlackElo "2199"]
[PlyCount "64"]
[EventDate "2020.01.26"]
[EventType "swiss"]
[EventRounds "11"]
[EventCountry "TUR"]
[SourceTitle "CBM 194 Extra"]
[Source "ChessBase"]
[SourceDate "2020.03.31"]
[SourceVersion "1"]
[SourceVersionDate "2020.03.31"]
[SourceQuality "1"]

1. e4 c5 2. Nc3 Nc6 3. g3 g6 4. d3 Bg7 5. Bg2 Rb8 6. f4 b5 7. Nf3 b4 8. Nd5 e6 9. Ne3 d5 10. f5 dxe4 11. fxg6 hxg6 12. Nd2 Nf6 13. 0-0 0-0 14. Nxe4 Nxe4 15. Bxe4 Ne5 16. Qe2 Bb7 17. Qg2 Bxe4 18. Qxe4 Qd4 19. Qxd4 cxd4 20. Ng2 Rfc8 21. Rf2 Rb7 22. Bf4 a5 23. Bxe5 Bxe5 24. g4 Rbc7 25. Rc1 g5 26. Re1 f6 27. Ree2 Rh7 28. h4 gxh4 29. g5 Rc5 30. gxf6 Bg3 31. Rf3 Kf7 32. Nf4 Bxf4 1/2-1/2

[Event "Izmir op 18th"]
[Site "Izmir"]
[Date "2019.09.07"]
[Round "9"]
[White "Demirbag, Alihan"]
[Black "Salman, Ilhan Serhat"]
[Result "1-0"]
[WhiteElo "2121"]
[BlackElo "2037"]
[PlyCount "115"]
[EventDate "2019.09.02"]
[EventType "swiss"]
[EventRounds "9"]
[EventCountry "TUR"]
[SourceTitle "EXT 2020"]
[Source "ChessBase"]
[SourceDate "2019.10.17"]
[SourceVersion "1"]
[SourceVersionDate "2019.10.17"]
[SourceQuality "1"]

1. e4 d5 2. exd5 Qxd5 3. Nc3 Qd8 4. d4 Nf6 5. Nf3 g6 6. Be3 Bg7 7. Qd2 0-0 8. Be2 a6 9. Ne5 Nbd7 10. f4 Nb6 11. 0-0 Nfd5 12. Nxd5 Nxd5 13. Bf2 f6 14. Nd3 Rb8 15. c4 Nb6 16. Rac1 Be6 17. b3 Bf7 18. Rfd1 e6 19. Bf3 Nc8 20. Nc5 Nd6 21. Re1 Re8 22. Re2 e5 23. fxe5 fxe5 24. d5 Nf5 25. Rce1 h5 26. Nd3 Nh4 27. Be4 Kh7 28. g3 Nf5 29. Bxf5 gxf5 30. Nxe5 Bxe5 31. Rxe5 Qf6 32. Qf4 Rxe5 33. Rxe5 Kg6 34. Bd4 Qg5 35. Qxg5+ Kxg5 36. Re7 Kg6 37. Rxc7 b5 38. Rc6+ Kg5 39. Be3+ Kg4 40. Kg2 f4 41. Bxf4 Re8 42. h3+ Kf5 43. Kf3 Rg8 44. Rxa6 bxc4 45. bxc4 Rg7 46. a4 Be8 47. a5 Ba4 48. Rh6 Bd1+ 49. Ke3 Re7+ 50. Re6 Rb7 51. Kd4 Bf3 52. a6 Rb1 53. Kc5 Ra1 54. Kb6 Bg2 55. a7 h4 56. Kb7 hxg3 57. Bxg3 Bxd5+ 58. cxd5 1-0

[Event "Izmir op 18th"]
[Site "Izmir"]
[Date "2019.09.04"]
[Round "5"]
[White "Demirbag, Alihan"]
[Black "Ayazmali, Gizem"]
[Result "1-0"]
[WhiteElo "2121"]
[BlackElo "1742"]
[PlyCount "147"]
[EventDate "2019.09.02"]
[EventType "swiss"]
[EventRounds "9"]
[EventCountry "TUR"]
[SourceTitle "EXT 2020"]
[Source "ChessBase"]
[SourceDate "2019.10.17"]
[SourceVersion "1"]
[SourceVersionDate "2019.10.17"]
[SourceQuality "1"]

1. e4 d6 2. Nc3 g6 3. g3 Bg7 4. Bg2 Nf6 5. d3 c5 6. f4 Nc6 7. Nf3 0-0 8. 0-0 Rb8 9. h3 b5 10. g4 b4 11. Ne2 a5 12. Ng3 a4 13. Rb1 Ba6 14. b3 Nd7 15. g5 Nd4 16. Nxd4 Bxd4+ 17. Kh1 Bb7 18. Qe2 d5 19. e5 e6 20. Qg4 Qe7 21. Ne2 axb3 22. axb3 Rfc8 23. Nxd4 cxd4 24. Rf2 Ra8 25. Bf3 Ra2 26. Bd1 Nc5 27. Bb2 Ba6 28. Bxd4 Qc7 29. Rh2 Nxd3 30. cxd3 Bxd3 31. Rxa2 Bxb1 32. Rf2 Qc1 33. Kh2 Bf5 34. Qe2 Qb1 35. Qd2 Rc1 36. Bf3 Rc2 37. Qxb4 Rxf2+ 38. Bxf2 Qf1 39. Bc5 Qxh3+ 40. Kg1 Qg3+ 41. Bg2 h5 42. Bf2 Qg4 43. Kh2 h4 44. Qd4 h3 45. Bf1 Be4 46. Qe3 Bg2 47. Be2 Qf5 48. Kg3 Qb1 49. Bg4 Qh1 50. Bg1 d4 51. Qxd4 Bd5 52. Qf2 Qe4 53. Bxh3 Bxb3 54. Qe3 Qb1 55. Bg2 Bc4 56. Bf2 Qa2 57. Qc3 Qe2 58. Bf3 Qf1 59. Qd4 Bd3 60. Qd8+ Kg7 61. Qf6+ Kg8 62. Qd8+ Kg7 63. Bg2 Qe2 64. Qf6+ Kg8 65. Qd8+ Kg7 66. Qa8 Qc2 67. Qc6 Qe2 68. Qc1 Bc4 69. Bc5 Qd3+ 70. Qe3 Qc2 71. Be7 Qa2 72. Bf6+ Kh7 73. Kh2 Qb3 74. Qa7 1-0

[Event "TUR-chT2"]
[Site "Konya"]
[Date "2018.07.13"]
[Round "6.3"]
[White "Demirbag, Alihan"]
[Black "Ermis, Mehmet Eren"]
[Result "1-0"]
[WhiteElo "2079"]
[BlackElo "1950"]
[PlyCount "131"]
[EventDate "2018.07.10"]
[EventType "team-swiss"]
[EventRounds "9"]
[EventCountry "TUR"]
[SourceTitle "EXT 2019"]
[Source "ChessBase"]
[SourceDate "2018.10.10"]
[SourceVersion "1"]
[SourceVersionDate "2018.10.10"]
[SourceQuality "1"]
[WhiteTeam "Izmir Apaydin Dernegi"]
[BlackTeam "Bitlis Dernegi"]
[WhiteTeamCountry "TUR"]
[BlackTeamCountry "TUR"]

1. e4 c5 2. Nc3 Nc6 3. g3 d6 4. Bg2 h5 5. h3 h4 6. g4 e6 7. d3 g6 8. f4 Bg7 9. Be3 Nge7 10. Nf3 Nd4 11. 0-0 Nec6 12. Bf2 Nxf3+ 13. Qxf3 Bd4 14. Nd1 Qe7 15. c3 Bxf2+ 16. Qxf2 Bd7 17. Ne3 0-0-0 18. b4 Kb8 19. bxc5 dxc5 20. e5 Na5 21. Rab1 Bc6 22. Rfd1 Qc7 23. Bxc6 Qxc6 24. Qg2 Qa6 25. Qe4 Qc6 26. Qxc6 Nxc6 27. Nc4 Rd7 28. Nd6 g5 29. Ne4 gxf4 30. Nxc5 Re7 31. d4 Rc8 32. Ne4 Na5 33. Rf1 Rc4 34. Rxf4 Ra4 35. Rb2 Nc4 36. Rbf2 Ne3 37. Ng5 Nd1 38. Rxf7 Rxf7 39. Rxf7 Rxa2 40. Nxe6 a5 41. g5 Ne3 42. Rf2 Ra1+ 43. Kh2 Nf1+ 44. Kg2 Ne3+ 45. Kf3 Nf5 46. Ke4 Ne7 47. Re2 Rd1 48. c4 a4 49. Nc5 a3 50. Nd3 Nc6 51. Rg2 a2 52. Rxa2 Rxd3 53. Kxd3 Nb4+ 54. Ke3 Nxa2 55. g6 Nb4 56. g7 Nc2+ 57. Ke4 Nb4 58. g8Q+ Ka7 59. d5 b5 60. c5 Na6 61. Qf7+ Kb8 62. c6 Nc5+ 63. Kd4 Nb3+ 64. Ke3 Na5 65. d6 Nxc6 66. Qc7+ 1-0

[Event "TUR Cup										"]
[Site "Antalya"]
[Date "2018.02.02"]
[Round "10"]
[White "Zor, Alber Kadir"]
[Black "Demirbag, Alihan"]
[Result "1-0"]
[WhiteElo "2150"]
[BlackElo "2038"]
[PlyCount "113"]
[EventDate "2018.01.27"]
[EventType "swiss"]
[EventRounds "11"]
[EventCountry "TUR"]
[SourceTitle "CBM 182 Extra"]
[Source "ChessBase"]
[SourceDate "2018.02.23"]
[SourceVersion "1"]
[SourceVersionDate "2018.02.23"]
[SourceQuality "1"]

1. e4 c5 2. Nf3 Nc6 3. Bb5 g6 4. Bxc6 bxc6 5. 0-0 Bg7 6. Re1 d6 7. c3 Nh6 8. h3 0-0 9. d4 Qb6 10. b3 cxd4 11. cxd4 f6 12. Be3 Nf7 13. Nc3 Qa5 14. Qd2 Qh5 15. Ne2 g5 16. Ng3 Qg6 17. Rac1 h5 18. Rxc6 h4 19. Rxc8 Rfxc8 20. Nf5 Re8 21. d5 e6 22. dxe6 Rxe6 23. Qd5 Ree8 24. Rc1 Bf8 25. Rc7 Rec8 26. Rb7 Rcb8 27. Rxb8 Rxb8 28. Bxa7 Rc8 29. Be3 Kh8 30. a4 Ne5 31. Nxd6 Bxd6 32. Qxd6 Nxf3+ 33. gxf3 Qf7 34. Kg2 Kg8 35. a5 Rc3 36. Bd4 Rc8 37. Qxf6 Qxf6 38. Bxf6 Rb8 39. Bxg5 Rxb3 40. Bxh4 Ra3 41. Bd8 Kf7 42. Kg3 Ke8 43. Bb6 Kf7 44. Kg4 Ra1 45. f4 Rg1+ 46. Kf5 Rh1 47. a6 Rxh3 48. a7 Ra3 49. e5 Ra4 50. f3 Ra3 51. e6+ Ke8 52. Kg6 Ra1 53. f5 Ra2 54. f6 Rg2+ 55. Kf5 Ra2 56. f7+ Ke7 57. Bc5+ 1-0

[Event "TUR Cup										"]
[Site "Antalya"]
[Date "2018.01.30"]
[Round "6"]
[White "Ancar, Furkan"]
[Black "Demirbag, Alihan"]
[Result "0-1"]
[WhiteElo "1768"]
[BlackElo "2038"]
[PlyCount "70"]
[EventDate "2018.01.27"]
[EventType "swiss"]
[EventRounds "11"]
[EventCountry "TUR"]
[SourceTitle "CBM 182 Extra"]
[Source "ChessBase"]
[SourceDate "2018.02.23"]
[SourceVersion "1"]
[SourceVersionDate "2018.02.23"]
[SourceQuality "1"]

1. d4 Nf6 2. c4 c5 3. d5 e6 4. Nc3 exd5 5. cxd5 d6 6. g3 g6 7. Bg2 Bg7 8. Nf3 0-0 9. 0-0 Re8 10. Nd2 a6 11. a4 Nbd7 12. h3 Rb8 13. a5 b5 14. axb6 Nxb6 15. e4 Qc7 16. Re1 Nfd7 17. f4 c4 18. e5 dxe5 19. Nde4 Bb7 20. d6 Qc8 21. g4 exf4 22. Bxf4 Ne5 23. d7 Qxd7 24. Qxd7 Nbxd7 25. Nd6 Bxg2 26. Nxe8 Nf3+ 27. Kxg2 Nxe1+ 28. Rxe1 Rxb2+ 29. Ne2 Bc3 30. Kf1 Bxe1 31. Kxe1 Nc5 32. Bd2 Ne4 33. Bc1 Rb7 34. Bf4 Re7 35. Nc7 Nc3 0-1

[Event "TUR Cup										"]
[Site "Antalya"]
[Date "2018.01.29"]
[Round "4"]
[White "Akkok, Durdu"]
[Black "Demirbag, Alihan"]
[Result "0-1"]
[WhiteElo "1752"]
[BlackElo "2038"]
[PlyCount "64"]
[EventDate "2018.01.27"]
[EventType "swiss"]
[EventRounds "11"]
[EventCountry "TUR"]
[SourceTitle "CBM 182 Extra"]
[Source "ChessBase"]
[SourceDate "2018.02.23"]
[SourceVersion "1"]
[SourceVersionDate "2018.02.23"]
[SourceQuality "1"]

1. e4 c5 2. Nf3 Nc6 3. Nc3 Nf6 4. Bc4 d6 5. d4 cxd4 6. Nxd4 Bd7 7. Bb3 g6 8. f3 Nxd4 9. Qxd4 Bg7 10. Be3 0-0 11. Qd2 b5 12. 0-0-0 a5 13. Nd5 a4 14. Nxf6+ Bxf6 15. Bd5 Rc8 16. a3 Qc7 17. Ba2 b4 18. axb4 a3 19. bxa3 Bc3 20. Qf2 Ra8 21. Bd4 Rfc8 22. Rd3 Bxd4 23. Rxd4 Qc3 24. Bb1 Qxa3+ 25. Kd2 Qc3+ 26. Kc1 Ra1 27. Rd5 Qa3+ 28. Kd2 Qxb4+ 29. Ke3 Qb6+ 30. Ke2 Bb5+ 31. Rd3 Bxd3+ 32. cxd3 Ra2+ 0-1

[Event "TUR Cup										"]
[Site "Antalya"]
[Date "2018.01.28"]
[Round "3"]
[White "Demirbag, Alihan"]
[Black "Saglam, Yakup"]
[Result "1-0"]
[WhiteElo "2038"]
[BlackElo "1625"]
[PlyCount "123"]
[EventDate "2018.01.27"]
[EventType "swiss"]
[EventRounds "11"]
[EventCountry "TUR"]
[SourceTitle "CBM 182 Extra"]
[Source "ChessBase"]
[SourceDate "2018.02.23"]
[SourceVersion "1"]
[SourceVersionDate "2018.02.23"]
[SourceQuality "1"]

1. e4 e5 2. Nf3 Nc6 3. Bc4 Bc5 4. c3 Nf6 5. d3 h6 6. 0-0 a6 7. d4 Bd6 8. dxe5 Bxe5 9. Nxe5 Nxe5 10. Bb3 d6 11. f4 Nc6 12. Qf3 0-0 13. h3 Qe7 14. Nd2 Be6 15. Bc2 Nh7 16. b3 d5 17. f5 dxe4 18. Nxe4 Bd5 19. f6 Qe6 20. Qg3 g6 21. Nc5 Qe5 22. Bf4 Qh5 23. Bd1 Bf3 24. Nd7 Bxd1 25. Raxd1 Rfe8 26. Bxc7 Re2 27. Nb6 Qc5+ 28. Kh2 Rae8 29. Nd5 Ng5 30. Bf4 Ne4 31. Qf3 Ng5 32. Bxg5 hxg5 33. Ne7+ R2xe7 34. fxe7 Ne5 35. Qd5 Qc7 36. Qd6 Rxe7 37. Qxc7 Rxc7 38. c4 Kg7 39. Rd5 f6 40. Kg3 Re7 41. Re1 Kf7 42. c5 Ke6 43. Rd6+ Kf7 44. b4 f5 45. Kf2 f4 46. Rd5 Kf6 47. Rexe5 Rxe5 48. Rxe5 Kxe5 49. Kf3 Kf5 50. a3 g4+ 51. hxg4+ Ke5 52. g5 Kd5 53. Kxf4 Kd4 54. g4 Kd5 55. Ke3 Kc4 56. Ke4 Kb3 57. Kd3 Kxa3 58. Kc3 Ka4 59. Kc4 Ka3 60. b5 axb5+ 61. Kxb5 Kb3 62. c6 1-0

[Event "TUR Cup										"]
[Site "Antalya"]
[Date "2018.01.28"]
[Round "2"]
[White "Koksal, Recep"]
[Black "Demirbag, Alihan"]
[Result "1-0"]
[WhiteElo "1763"]
[BlackElo "2038"]
[PlyCount "65"]
[EventDate "2018.01.27"]
[EventType "swiss"]
[EventRounds "11"]
[EventCountry "TUR"]
[SourceTitle "CBM 182 Extra"]
[Source "ChessBase"]
[SourceDate "2018.02.23"]
[SourceVersion "1"]
[SourceVersionDate "2018.02.23"]
[SourceQuality "1"]

1. e4 g6 2. d4 Bg7 3. Nc3 d6 4. f4 a6 5. Nf3 b5 6. Bd3 Nd7 7. Be3 Bb7 8. Qd2 Ngf6 9. e5 Ng4 10. e6 fxe6 11. Ng5 Nf8 12. 0-0 d5 13. Rae1 c5 14. Nf3 c4 15. Be2 Qb6 16. Ne5 Nxe3 17. Qxe3 Nd7 18. Kh1 Nf6 19. Bf3 0-0 20. g4 Rad8 21. g5 Nd7 22. Bg4 Nxe5 23. fxe5 Rxf1+ 24. Rxf1 Rf8 25. Rxf8+ Bxf8 26. Ne2 Qa5 27. Bxe6+ Kh8 28. Qf2 Bg7 29. Nf4 h6 30. gxh6 Bxe5 31. Nxg6+ Kh7 32. Nxe5 Qb4 33. Qf7+ 1-0

[Event "Istanbul op"]
[Site "Istanbul"]
[Date "2017.09.17"]
[Round "9"]
[White "Akin, Yagiz Cinar"]
[Black "Demirbag, Alihan"]
[Result "1/2-1/2"]
[WhiteElo "1823"]
[BlackElo "1932"]
[PlyCount "80"]
[EventDate "2017.09.11"]
[EventType "swiss"]
[EventRounds "9"]
[EventCountry "TUR"]
[SourceTitle "CBM 180 Extra"]
[Source "ChessBase"]
[SourceDate "2017.10.06"]
[SourceVersion "1"]
[SourceVersionDate "2017.10.06"]
[SourceQuality "1"]

1. e4 g6 2. d4 Bg7 3. Nc3 d6 4. f4 a6 5. a4 Nf6 6. Nf3 c5 7. d5 0-0 8. Bd3 e6 9. 0-0 exd5 10. Nxd5 Nxd5 11. exd5 Bg4 12. h3 Bxf3 13. Qxf3 Nd7 14. a5 b5 15. c4 b4 16. Qd1 Qh4 17. Rb1 Rae8 18. Kh2 f5 19. Bd2 Nf6 20. g3 Qh5 21. Qxh5 Nxh5 22. b3 Nf6 23. Rbe1 Kf7 24. Kg2 h5 25. Kf3 Rxe1 26. Rxe1 Re8 27. Be3 Bf8 28. Re2 Be7 29. Bc1 Bd8 30. Rxe8 Nxe8 31. g4 fxg4+ 32. hxg4 Bxa5 33. f5 hxg4+ 34. Kxg4 gxf5+ 35. Bxf5 Bd8 36. Be6+ Kg7 37. Kf5 Bf6 38. Bf4 Be7 39. Bc8 Nc7 40. Bxa6 Kf7 1/2-1/2

[Event "Istanbul op"]
[Site "Istanbul"]
[Date "2017.09.16"]
[Round "8"]
[White "Demirbag, Alihan"]
[Black "Konduk, Bekir Sami"]
[Result "1-0"]
[WhiteElo "1932"]
[BlackElo "1903"]
[PlyCount "121"]
[EventDate "2017.09.11"]
[EventType "swiss"]
[EventRounds "9"]
[EventCountry "TUR"]
[SourceTitle "CBM 180 Extra"]
[Source "ChessBase"]
[SourceDate "2017.10.06"]
[SourceVersion "1"]
[SourceVersionDate "2017.10.06"]
[SourceQuality "1"]

1. e4 c5 2. Nc3 a6 3. g4 d6 4. Bg2 e5 5. d3 Nc6 6. Be3 Qa5 7. h3 h5 8. g5 Nge7 9. Nge2 Nd4 10. 0-0 Be6 11. f4 g6 12. Nd5 Bxd5 13. exd5 Ndf5 14. Bd2 Qc7 15. fxe5 dxe5 16. Qe1 Bg7 17. Ba5 Qd7 18. Ng3 Nxg3 19. Qxg3 0-0 20. c4 Nf5 21. Qe1 Qe7 22. Bd2 Nd4 23. Qe4 Qd6 24. h4 b5 25. Rf2 Rab8 26. Bc3 b4 27. Bd2 f5 28. gxf6 Rxf6 29. Rxf6 Qxf6 30. Rf1 Qd6 31. Bh3 Rf8 32. Rxf8+ Bxf8 33. a4 Kh7 34. Be3 Bh6 35. Bxd4 cxd4 36. Be6 Bf4 37. Qf3 Qe7 38. Qh3 Kh6 39. b3 Qf6 40. Kg2 Be3 41. Qf3 Bf4 42. Qh3 Qe7 43. Kh1 Kg7 44. Kg2 g5 45. Qf5 gxh4 46. d6 Qf6 47. c5 e4 48. dxe4 d3 49. Qxf6+ Kxf6 50. Bc4 d2 51. Be2 a5 52. Kh3 Bg3 53. Bxh5 Ke6 54. Bg4+ Kf7 55. e5 Bxe5 56. Kxh4 Ke8 57. Kg5 Kd8 58. Kf5 Bg3 59. Ke6 Bf4 60. c6 Bg3 61. c7+ 1-0

[Event "TUR-chT 2nd League"]
[Site "Konya"]
[Date "2017.07.20"]
[Round "6.6"]
[White "Demirbag, Alihan"]
[Black "Oner, Oguz"]
[Result "1/2-1/2"]
[WhiteElo "1960"]
[BlackElo "1861"]
[PlyCount "103"]
[EventDate "2017.07.17"]
[EventType "team-swiss"]
[EventRounds "9"]
[EventCountry "TUR"]
[SourceTitle "CBM 179 Extra"]
[Source "ChessBase"]
[SourceDate "2017.08.23"]
[SourceVersion "1"]
[SourceVersionDate "2017.08.23"]
[SourceQuality "1"]
[WhiteTeam "Bursa Nida"]
[BlackTeam "Eskiseh Tasci"]
[WhiteTeamCountry "TUR"]
[BlackTeamCountry "TUR"]

1. e4 e5 2. Nf3 Nc6 3. Bc4 Bc5 4. c3 Nf6 5. d3 d6 6. 0-0 a6 7. Bb3 Ba7 8. Nbd2 0-0 9. h3 Be6 10. Re1 Re8 11. Nf1 d5 12. Qe2 dxe4 13. dxe4 Bxb3 14. axb3 Qd6 15. Be3 Bxe3 16. Nxe3 Qe6 17. Qc2 h6 18. b4 Ne7 19. Kh2 Rad8 20. Nd2 Rd7 21. Nb3 Qc6 22. f3 Red8 23. Rad1 b6 24. Qe2 Qe6 25. Rxd7 Rxd7 26. Qc4 Rd8 27. Qxe6 fxe6 28. Ra1 Ra8 29. c4 Rd8 30. Nf1 Nc6 31. Rxa6 Nxb4 32. Ra7 Ne8 33. c5 Rd3 34. cxb6 Rxb3 35. bxc7 Nxc7 36. Rxc7 Rxb2 37. Rb7 Nd3 38. Rxb2 Nxb2 39. Kg1 Nd3 40. Ne3 Kf7 41. g3 h5 42. Kf1 Nc5 43. Ke2 g5 44. Nc4 Kf6 45. Ke3 Nd7 46. Nb2 Nf8 47. Nd3 Ng6 48. f4 exf4+ 49. gxf4 Nf8 50. Kf3 Ng6 51. Ke3 gxf4+ 52. Nxf4 1/2-1/2

[Event "Istanbul op"]
[Site "Istanbul"]
[Date "2016.09.04"]
[Round "9"]
[White "Demirbag, Alihan"]
[Black "Sahin, Ozgun"]
[Result "0-1"]
[WhiteElo "2041"]
[BlackElo "2042"]
[PlyCount "88"]
[EventDate "2016.08.29"]
[EventType "swiss"]
[EventRounds "9"]
[EventCountry "TUR"]
[SourceTitle "CBM 174 Extra"]
[Source "ChessBase"]
[SourceDate "2016.10.10"]
[SourceVersion "1"]
[SourceVersionDate "2016.10.10"]
[SourceQuality "1"]

1. e4 g6 2. Nc3 Bg7 3. g3 c5 4. Bg2 Nc6 5. d3 d6 6. Be3 e5 7. Qd2 Nge7 8. Bh6 0-0 9. h4 f5 10. Nh3 Nd4 11. Bxg7 Kxg7 12. f4 fxe4 13. dxe4 Bg4 14. 0-0 Qd7 15. Kh2 Kh8 16. Nd1 Bxh3 17. Bxh3 Qb5 18. Rf2 exf4 19. gxf4 Qa6 20. Ne3 Ng8 21. Bg2 Nf6 22. c3 Nb3 23. axb3 Qxa1 24. Qxd6 Qe1 25. Rf3 Rad8 26. Qc7 Nxe4 27. Rh3 Nf6 28. h5 gxh5 29. Qxc5 Qf2 30. Qg5 Rf7 31. Rf3 Qxb2 32. Qe5 Re8 33. Qd4 Qxb3 34. Nf5 Ref8 35. Re3 Qb6 36. Qxb6 axb6 37. Nh6 Ng4+ 38. Nxg4 hxg4 39. Re6 Rxf4 40. Rxb6 Rf2 41. Rxb7 Rc2 42. Kg1 Rc1+ 43. Kh2 Rxc3 44. Be4 Rh3+ 0-1

[Event "TUR-ch U20"]
[Site "Canakkale"]
[Date "2016.06.30"]
[Round "5"]
[White "Kilic, Gokturk Kagan"]
[Black "Demirbag, Alihan"]
[Result "1/2-1/2"]
[WhiteElo "1630"]
[BlackElo "2041"]
[PlyCount "59"]
[EventDate "2016.06.27"]
[EventType "swiss"]
[EventRounds "9"]
[EventCountry "TUR"]
[SourceTitle "CBM 173 Extra"]
[Source "ChessBase"]
[SourceDate "2016.08.29"]
[SourceVersion "1"]
[SourceVersionDate "2016.08.29"]
[SourceQuality "1"]

1. e4 d6 2. d4 Nf6 3. Nc3 g6 4. Bg5 Bg7 5. e5 Nfd7 6. exd6 cxd6 7. Nf3 Nc6 8. Qd2 Nf6 9. 0-0-0 d5 10. Ne5 Be6 11. f3 Nd7 12. Nxd7 Qxd7 13. Be3 0-0 14. Bh6 Bxd4 15. Bxf8 Kxf8 16. Bb5 Bg7 17. Ne2 Rc8 18. Kb1 a6 19. Bxc6 bxc6 20. Nd4 Kg8 21. Nxe6 fxe6 22. h4 Rb8 23. c3 e5 24. h5 Qb7 25. hxg6 hxg6 26. Rh4 a5 27. Rg4 e6 28. Rxg6 Qf7 29. Rg4 c5 30. Ka1 1/2-1/2